ბათუმის შოთა რუსთაველის სახელმწიფო უნივერსიტეტის ბიბლიოთეკა

მეფრინველეობა. (ბიბ.ჩანაწერი № 45567)

000 -LEADER
fixed length control field 01274nam a2200229Ia 4500
001 - CONTROL NUMBER
control field 12393
003 - CONTROL NUMBER IDENTIFIER
control field GE_BSU
008 - FIXED-LENGTH DATA ELEMENTS--GENERAL INFORMATION
fixed length control field 181216s||||||||xx |||||||||||||| ||und||
040 ## - CATALOGING SOURCE
Transcribing agency GE_BSU
080 ## - UNIVERSAL DECIMAL CLASSIFICATION NUMBER
Universal Decimal Classification number 636.5(075.32)+331.361.2
245 ## - TITLE STATEMENT
Title მეფრინველეობა.
245 ## - TITLE STATEMENT
Remainder of title სახელმძღვ.სოფლის მეურნ. II თანრიგის ოსტატთა მოსამზადებლად.
245 ## - TITLE STATEMENT
Statement of responsibility, etc. მთარგმნელები:ნ.ანთაძე; ე.ანთაძე. რედ:ნ.ანთაძე. მხატვ:ჯ.ყავლაშვილი.
250 ## - EDITION STATEMENT
Edition statement თარგმანი მე-2,გადამუშ.და შევს.რუსული გამოცემიდან ნ.პ.ტრეტიაკოვის რედ.
260 ## - PUBLICATION, DISTRIBUTION, ETC.
Place of publication, distribution, etc. თბილისი.
260 ## - PUBLICATION, DISTRIBUTION, ETC.
Name of publisher, distributor, etc. სახელგამი.
260 ## - PUBLICATION, DISTRIBUTION, ETC.
Date of publication, distribution, etc. 1956
300 ## - PHYSICAL DESCRIPTION
Extent 350გვ;21სმ.
300 ## - PHYSICAL DESCRIPTION
Other physical details ილ;ცხრილები;დანართი გვ:346.
653 ## - INDEX TERM--UNCONTROLLED
Uncontrolled term მეფრინველეობა.სახელმძღვ.სოფლის მეურნ. II თანრიგის ოსტატთა მოსამზადებლად.
942 ## - ADDED ENTRY ELEMENTS (KOHA)
Koha item type წიგნი
ეგზემპლარები
Withdrawn status Lost status Damaged status Not for loan Date acquired Barcode Date last seen Price effective from Koha item type
        2018-12-17 20626 2018-12-17 2018-12-17 წიგნი
        2018-12-17 20627 2018-12-17 2018-12-17 წიგნი
        2018-12-17 20628 2018-12-17 2018-12-17 წიგნი
        2018-12-17 20629 2018-12-17 2018-12-17 წიგნი
        2018-12-17 20630 2018-12-17 2018-12-17 წიგნი